| 000 | 00608nam a22002177a 4500 | ||
|---|---|---|---|
| 003 | DO-SdBNP | ||
| 005 | 20220512093937.0 | ||
| 007 | ta | ||
| 008 | 220512b2003 dr ||||| |||| 00| 0 spa d | ||
| 020 | _a9993448176 | ||
| 040 |
_aDO-SdBNP _bspa _cBNPHU |
||
| 082 | 4 | _222 | |
| 110 | _911088 | ||
| 245 | 0 | 0 |
_aCódigo procesal penal de la República Dominicana _cedición, recopilación, referencias, presentación, guía conceptual e |
| 260 |
_aSanto Domingo : _bFINJUS, _c2003. |
||
| 300 |
_a201 p. : _c22 cm. |
||
| 590 | _aInventariado, 2022/BT | ||
| 700 | _931108 | ||
| 830 | _976794 | ||
| 942 |
_2ddc _cLBS1 |
||
| 999 |
_c51702 _d51702 |
||